Countries Closest to Niue - Statistics

General Stats
  • This quiz has been taken 750 times
  • The average score is 21 of 24
Answer Stats
km country miles % Correct
3393 Australia 2108
98%
2365 New Zealand 1469
97%
419 Tonga 260
94%
5390 Indonesia 3349
93%
569 Samoa 353
93%
1460 Tuvalu 907
93%
932 Fiji 579
92%
3406 Marshall Islands 2117
91%
3936 Papua New Guinea 2446
91%
4488 United States 2789
91%
2083 Vanuatu 1295
91%
6755 Palau 4198
90%
2605 Solomon Islands 1619
90%
1800 Kiribati 1119
89%
4013 Micronesia 2493
89%
3255 Nauru 2023
89%
8208 Malaysia 5100
87%
7549 Philippines 4691
87%
6855 Timor-Leste 4260
84%
8576 Brunei 5329
80%
7251 Japan 4505
80%
704 Cook Islands 437
72%
6186 Chile 3844
60%
7928 Mexico 4926
54%
No matching quizzes found
Score Distribution
Percent of People with Each Score
Percentile by Number Answered
Your Score History
You have not taken this quiz